Agents of SHIELD Characters by Episodes - Statistics

General Stats
  • This quiz has been taken 422 times
    105 since last reset
  • The average score is 27 of 50
Answer Stats
Episodes Character % Correct
136 Episodes (S1-7) Daisy Johnson
99%
136 Episodes (S1-7) Jemma Simmons
99%
136 Episodes (S1-7) Phil Coulson/Sarge
99%
126 Episodes (S1-7) Leopold Fitz
98%
136 Episodes (S1-7) Melinda May
98%
114 Episodes (S2-7) Alphonso Mackenzie
93%
63 Episodes (S1-4) Grant Ward/Hive
90%
36 Episodes (S2-3,5) Lance Hunter
84%
31 Episodes (S2-3) Bobbi Morse
83%
62 Episodes (S3-7) Yo-Yo
83%
45 Episodes (S5-7) Deke Shaw
79%
29 Episodes (S2-3) Lincoln Campbell
78%
10 Episodes (S4) Ghost Rider
68%
19 Episodes (S4) AIDA
66%
21 Episodes (S1-2,4) Antoinne Triplett
66%
24 Episodes (S1-5) Glenn Talbot
64%
18 Episodes (S1-2,5) Raina
63%
11 Episodes (S7) Daniel Sousa
60%
27 Episodes (S3-4) Holden Radcliffe
60%
11 Episodes (S3) Gideon Malick
59%
11 Episodes (S2,7) Jiaying
59%
26 Episodes (S5-7) Enoch
58%
9 Episodes (S2-3,5) Daniel Whitehall
55%
12 Episodes (S1-2,5) Deathlok
55%
9 Episodes (S7) Nathaniel Malick
55%
13 Episodes (S2) Calvin Zabo
54%
14 Episodes (S4) Patriot
53%
21 Episodes (S3-7) Agent Piper
50%
10 Episodes (S5) General Hale
49%
11 Episodes (S2) Gordon
46%
27 Episodes (S1,4-7) Agent Davis
44%
10 Episodes (S5-7) Flint
44%
8 Episodes (S5) Kasius
43%
9 Episodes (S2-3,5) Carl Creel
39%
8 Episodes (S1,5) Ian Quinn
38%
12 Episodes (S2,4) Sunil Bakshi
38%
10 Episodes (S2-3) Andrew Garner
36%
7 Episodes (S6) Izel
35%
8 Episodes (S3) Rosalind Price
35%
8 Episodes (S5) Sinara
34%
10 Episodes (S1-2,4,7) Koenig
31%
9 Episodes (S4-5) Anton Ivanov
30%
8 Episodes (S2) Agent 33
28%
8 Episodes (S3,5) Werner von Strucker
28%
7 Episodes (S3,5) Polly Hinton
24%
11 Episodes (S3) Giyera
19%
9 Episodes (S1-2) Agent Weaver
18%
7 Episodes (S3-4) James
18%
12 Episodes (S4) Agent Burrows
14%
8 Episodes (S5) Ava
4%
No matching quizzes found
Score Distribution
Percent of People with Each Score
Percentile by Number Answered
Your Score History
You have not taken this quiz since the last reset